00626nam a2200193 a 450000100060000000300080000600500170001400800410003103500190007204000270009104100080011808200200012610000330014624500620017926000510024130000720029250400510036465000170041524855BD-RjUL20211209001116.0140315r19721953enkabfj b 001 0 eng u a(BD-RjUL)24924 aANLbengcANLdBD-RjUL aeng00a940.1bPAH 19721 aPainter, Sidney,d1902-1960.12aA history of the Middle Ages: 284-1500 /cSidney Painter. aNew York :bA. Knopf,cc1953 [Reprinted 1972]. aix, 497 p., xx :bill., maps, plates, genealogical tables ;c23 cm. aIncludes bibliographical references and index. 0aMiddle Ages.